000 00817nam a2200265Ia 4500
003 OSt
005 20220912151544.0
006 a|||||r|||| 00| 0
007 ta
008 220909b |||||||| |||| 00| 0 eng d
024 _a26416
037 _cTextual
040 _aCSL
_beng
_cCSL
041 _aeng
082 _aB281p1,N87, M8
100 _aAccardi L Ed.
111 _aConference on quantum probability and applications III (1987 : Oberwolfach)
245 0 _aProceeding on quantum probability and applications III
260 _aBerlin
_bSpringer-Verlag
_c1988
300 _a373p.
_ccm.
490 _aLecture notes in mathematics; 1303
700 _a Von Waldenfels W Ed.
942 _hB281p1,N87, M8
_cTEXL
_2CC
999 _c71242
_d71242